| 000 | 01065nam a22003377a 4500 | ||
|---|---|---|---|
| 001 | 0019597 | ||
| 003 | KOHA_MİRAKIL | ||
| 005 | 20260207002239.0 | ||
| 007 | ta | ||
| 008 | 100713b2003 tu |||gr||||#0|||1|tur | | ||
| 020 | _a9756444061 | ||
| 040 |
_aTR-BiSEU _btur _cTR-BiSEU _erda |
||
| 041 | 0 | _atur | |
| 044 | _ctu | ||
| 050 |
_aPL248.I88 _bA96 2003 |
||
| 100 | 1 | _aAyverdi, Sâmiha. | |
| 245 | 1 |
_aİstanbul geceleri/ _cSâmiha Ayverdi ; Sâmiha Ayverdi. |
|
| 264 | 1 |
_aİstanbul : _bKubbealtı Neşriyâtı _c2003 |
|
| 300 | _a278 s. | ||
| 336 |
_ametin _btxt _2rdacontent |
||
| 337 |
_aaracısız _bn _2rdamedia |
||
| 338 |
_acilt _bnc _2rdacarrier |
||
| 490 | 1 |
_aAyverdi Enstitüsü Neşriyâtı ; _v31. |
|
| 490 | 1 |
_aSâmiha Ayverdi Külliyâtı ; _v11 |
|
| 650 | 0 |
_aİstanbul (Turkey)--Description and travel. _926788 |
|
| 650 | 0 |
_aIstanbul (Turkey)--Social life and customs. _921786 |
|
| 830 | 1 |
_aAyverdi Enstitüsü Neşriyâtı ; _v31. _943811 |
|
| 830 | 1 |
_aSâmiha Ayverdi Külliyâtı ; _v11 _943812 |
|
| 907 | _aRoman | ||
| 942 |
_2lcc _cBK |
||
| 999 |
_c19554 _d19554 |
||